Botany for degree students: (Record no. 127311)
[ view plain ]
| 000 -LEADER | |
|---|---|
| fixed length control field | 00833nam a2200313Ia 4500 |
| 003 - CONTROL NUMBER IDENTIFIER | |
| control field | OSt |
| 005 - DATE AND TIME OF LATEST TRANSACTION | |
| control field | 20230225093358.0 |
| 008 - FIXED-LENGTH DATA ELEMENTS--GENERAL INFORMATION | |
| fixed length control field | 210210b1998 xxu||||| |||| 00| 0 eng d |
| 020 ## - INTERNATIONAL STANDARD BOOK NUMBER | |
| International Standard Book Number | 8121908809 |
| 040 ## - CATALOGING SOURCE | |
| Original cataloging agency | AL |
| Transcribing agency | |
| 041 ## - LANGUAGE CODE | |
| Language code of text/sound track or separate title | eng |
| 082 ## - DEWEY DECIMAL CLASSIFICATION NUMBER | |
| Classification number | 580/286 UGC |
| 100 ## - MAIN ENTRY--PERSONAL NAME | |
| Personal name | VASISHTA (P C) |
| 9 (RLIN) | 34013 |
| 245 ## - TITLE STATEMENT | |
| Title | Botany for degree students: |
| Remainder of title | Gymnosperms Vol 5 |
| 250 ## - EDITION STATEMENT | |
| Edition statement | 2 |
| 260 ## - PUBLICATION, DISTRIBUTION, ETC. | |
| Place of publication, distribution, etc. | New Delhi |
| Name of publisher, distributor, etc. | S. Chand & Co. Ltd. |
| Date of publication, distribution, etc. | 1998 |
| 300 ## - PHYSICAL DESCRIPTION | |
| Extent | viii,500p. |
| Other physical details | PB |
| Dimensions | 24x16cm. |
| 440 ## - SERIES STATEMENT/ADDED ENTRY--TITLE | |
| Number of part/section of a work | Vol.5 |
| 9 (RLIN) | 73294 |
| 650 ## - SUBJECT ADDED ENTRY--TOPICAL TERM | |
| Topical term or geographic name entry element | Cycadopsida |
| 9 (RLIN) | 34017 |
| 650 ## - SUBJECT ADDED ENTRY--TOPICAL TERM | |
| Topical term or geographic name entry element | Glossopteridaceae |
| 9 (RLIN) | 73295 |
| 650 ## - SUBJECT ADDED ENTRY--TOPICAL TERM | |
| Topical term or geographic name entry element | Peltaspermaceae |
| 9 (RLIN) | 73296 |
| 651 ## - SUBJECT ADDED ENTRY--GEOGRAPHIC NAME | |
| Geographic name | Caytoniaceae |
| 9 (RLIN) | 73297 |
| 651 ## - SUBJECT ADDED ENTRY--GEOGRAPHIC NAME | |
| Geographic name | Coniferopsida |
| 9 (RLIN) | 73298 |
| 651 ## - SUBJECT ADDED ENTRY--GEOGRAPHIC NAME | |
| Geographic name | Gnetaceae |
| 9 (RLIN) | 73299 |
| 690 ## - LOCAL SUBJECT ADDED ENTRY--TOPICAL TERM (OCLC, RLIN) | |
| Topical term or geographic name as entry element | Botany |
| 9 (RLIN) | 34021 |
| 700 ## - ADDED ENTRY--PERSONAL NAME | |
| Personal name | VASHISHTA (P C) |
| 9 (RLIN) | 73300 |
| 906 ## - LOCAL DATA ELEMENT F, LDF (RLIN) | |
| a | 055497 |
| 942 ## - ADDED ENTRY ELEMENTS (KOHA) | |
| Source of classification or shelving scheme | Dewey Decimal Classification |
| Koha item type | Book |
| Withdrawn status | Lost status | Source of classification or shelving scheme | Damaged status | Not for loan | Collection code | Home library | Current library | Shelving location | Date acquired | Source of acquisition | Cost, normal purchase price | Total Checkouts | Full call number | Barcode | Date last seen | Price effective from | Koha item type |
|---|---|---|---|---|---|---|---|---|---|---|---|---|---|---|---|---|---|
| Dewey Decimal Classification | Botany | St Aloysius Library | St Aloysius Library | UGC Book Bank | 02/17/2021 | Higginbothams (P) Ltd Mangalore 01 | 100.00 | 580/286 VASB | 055497 | 02/17/2021 | 02/17/2021 | Book | |||||
| Dewey Decimal Classification | Botany | St Aloysius Library | St Aloysius Library | UGC Book Bank | 02/17/2021 | Higginbothams (P) Ltd Mangalore 01 | 100.00 | 580/287 VASB | 055498 | 02/17/2021 | 02/17/2021 | Book | |||||
| Dewey Decimal Classification | Botany | St Aloysius Library | St Aloysius Library | UGC Book Bank | 02/17/2021 | Higginbothams (P) Ltd Mangalore 01 | 100.00 | 580/288 VASB | 055499 | 02/17/2021 | 02/17/2021 | Book | |||||
| Dewey Decimal Classification | Botany | St Aloysius Library | St Aloysius Library | UGC Book Bank | 02/17/2021 | Higginbothams (P) Ltd Mangalore 01 | 100.00 | 580/290 VASB | 055501 | 02/17/2021 | 02/17/2021 | Book |